000 00307nam a22001337a 4500
008 170906b xxu||||| |||| 00| 0 eng d
020 _a0314778608
041 _aeng
080 _22ND
_a72
100 _a41
101 _aARK
245 _aCASES IN STRUCTURED SYSTEMS DESIGN
_cWETHERBE,J,C
942 _2udc
_cBK
999 _c26399
_d26399